[Event "Lisbon Check Mate op 1st"]
[Site "Lisbon"]
[Date "2013.08.10"]
[Round "2.18"]
[White "Bento, Rudolfo Antonio Cam"]
[Black "Martins, Abilio Morgado"]
[Result "1-0"]
[WhiteElo "1871"]
[BlackElo "1593"]
[PlyCount "97"]
[EventDate "2013.08.10"]
[EventType "swiss"]
[EventRounds "7"]
[EventCountry "POR"]
[SourceTitle "EXT 2015"]
[Source "ChessBase"]
[SourceDate "2014.11.20"]
[SourceVersion "1"]
[SourceVersionDate "2014.11.20"]
[SourceQuality "1"]

1. e4 c5 2. Nf3 e6 3. d3 Nc6 4. g3 g6 5. Bg2 Bg7 6. 0-0 Nge7 7. Nc3 a6 8. a4 b6 9. Be3 d5 10. exd5 exd5 11. Bg5 Be6 12. Re1 h6 13. Bxe7 Nxe7 14. Ne5 0-0 15. Qe2 Rc8 16. h4 h5 17. Nf3 d4 18. Ne4 Nd5 19. Neg5 Bg4 20. Qd2 Qd6 21. Ne4 Qd8 22. Nh2 Qd7 23. Nxg4 hxg4 24. Qg5 Rcd8 25. a5 f5 26. Nd2 b5 27. Qxg6 Rf6 28. Bxd5+ Qxd5 29. Re8+ Rxe8 30. Qxe8+ Kh7 31. Re1 Rf8 32. Qh5+ Kg8 33. Ne4 Qe6 34. Qh7+ Kxh7 35. Ng5+ Kg8 36. Rxe6 Ra8 37. h5 Kf8 38. h6 Bh8 39. Rg6 Ke7 40. Re6+ Kd7 41. Rg6 c4 42. h7 Ke7 43. Rg8 Rf8 44. Ne6 Re8 45. Nc7 Rf8 46. Nxa6 cxd3 47. cxd3 Kf7 48. Rxf8+ Kxf8 49. Nc7 1-0

[Event "POR-ch prel"]
[Site "Lisbon"]
[Date "2013.07.21"]
[Round "9.15"]
[White "Lavrador, Rodolfo Manuel"]
[Black "Bento, Rudolfo Antonio Cam"]
[Result "1-0"]
[WhiteElo "2016"]
[BlackElo "1881"]
[PlyCount "57"]
[EventDate "2013.07.15"]
[EventType "swiss"]
[EventRounds "9"]
[EventCountry "POR"]
[SourceTitle "EXT 2015"]
[Source "ChessBase"]
[SourceDate "2014.11.20"]
[SourceVersion "1"]
[SourceVersionDate "2014.11.20"]
[SourceQuality "1"]

1. e4 e5 2. Nf3 Nc6 3. Bb5 f5 4. d3 fxe4 5. dxe4 Nf6 6. Bg5 Bc5 7. 0-0 d6 8. c3 Be6 9. Nbd2 0-0 10. b4 Bb6 11. Nc4 h6 12. Bh4 g5 13. Nxb6 axb6 14. Bg3 Nxe4 15. Qc2 Bf5 16. Bd3 Nxg3 17. fxg3 Bxd3 18. Qxd3 Ne7 19. h4 g4 20. Qc4+ Kh8 21. Qxg4 Qe8 22. h5 Qc8 23. Qc4 c6 24. Nh4 d5 25. Rxf8+ Qxf8 26. Qg4 Qg7 27. Qe6 Ng8 28. Ng6+ Kh7 29. Rf1 1-0

[Event "POR-ch prel"]
[Site "Lisbon"]
[Date "2013.07.20"]
[Round "8.20"]
[White "Bento, Rudolfo Antonio Cam"]
[Black "Veiga, Jose F Reis P Neves"]
[Result "1/2-1/2"]
[WhiteElo "1881"]
[BlackElo "1582"]
[PlyCount "71"]
[EventDate "2013.07.15"]
[EventType "swiss"]
[EventRounds "9"]
[EventCountry "POR"]
[SourceTitle "EXT 2015"]
[Source "ChessBase"]
[SourceDate "2014.11.20"]
[SourceVersion "1"]
[SourceVersionDate "2014.11.20"]
[SourceQuality "1"]

1. e4 c5 2. Nf3 Nc6 3. Bb5 g6 4. 0-0 Bg7 5. c3 e5 6. d3 Qe7 7. Bxc6 dxc6 8. d4 cxd4 9. cxd4 exd4 10. Nxd4 Nf6 11. Nc3 0-0 12. Qc2 c5 13. Nde2 b6 14. f3 h6 15. Bf4 Ba6 16. Rfd1 Rfd8 17. Bg3 Bxe2 18. Nxe2 Nh5 19. Be1 Bd4+ 20. Bf2 Rac8 21. Rac1 Be5 22. g3 g5 23. Nc3 Qf6 24. Nd5 Qe6 25. Qe2 Nf6 26. f4 gxf4 27. gxf4 Nxd5 28. exd5 Qg6+ 29. Kh1 Bxf4 30. Rg1 Bxc1 31. Rxg6+ fxg6 32. Qe6+ Kh7 33. Qf7+ Kh8 34. Qf6+ Kh7 35. Qf7+ Kh8 36. Qf6+ 1/2-1/2

[Event "POR-ch prel"]
[Site "Lisbon"]
[Date "2013.07.19"]
[Round "6.20"]
[White "Bento, Rudolfo Antonio Cam"]
[Black "Jorge, Rita Maria Osorio"]
[Result "1-0"]
[WhiteElo "1881"]
[BlackElo "1674"]
[PlyCount "99"]
[EventDate "2013.07.15"]
[EventType "swiss"]
[EventRounds "9"]
[EventCountry "POR"]
[SourceTitle "EXT 2015"]
[Source "ChessBase"]
[SourceDate "2014.11.20"]
[SourceVersion "1"]
[SourceVersionDate "2014.11.20"]
[SourceQuality "1"]

1. e4 c5 2. Nf3 g6 3. c3 Bg7 4. Bb5 a6 5. Ba4 b5 6. Bc2 Nc6 7. 0-0 e6 8. d4 cxd4 9. cxd4 Nge7 10. d5 Ne5 11. Nxe5 Bxe5 12. f4 Qb6+ 13. Kh1 Bd4 14. Nc3 d6 15. Ne2 Bg7 16. Qd3 exd5 17. exd5 0-0 18. Ng3 Nf5 19. Ne4 Nd4 20. Be3 Bf5 21. Rad1 Bxe4 22. Qxe4 Rfe8 23. Qd3 Qc7 24. Bb1 Nf5 25. Bc1 Rac8 26. g4 Nh6 27. Qf3 f5 28. gxf5 Nxf5 29. Bxf5 gxf5 30. Rg1 Qf7 31. b3 Kh8 32. Ba3 Qe7 33. Rd2 Rc3 34. Qg2 Re3 35. Bxd6 Qd7 36. Bc5 R3e4 37. Qg3 Rc8 38. b4 Rc7 39. d6 Rb7 40. Rdg2 Qc6 41. Qg5 Qd7 42. Qf6 Re8 43. Rxg7 Qxg7 44. Rxg7 Rxg7 45. Bf2 Rc8 46. Be3 h5 47. d7 Rcg8 48. Qh6+ Rh7 49. Bd4+ Rgg7 50. d8Q# 1-0

[Event "POR-ch qual"]
[Site "Amadora"]
[Date "2011.09.10"]
[Round "8"]
[White "Santos, Ines Sofia Oliveira"]
[Black "Bento, Rudolfo Antonio Cam"]
[Result "1/2-1/2"]
[WhiteElo "1689"]
[BlackElo "1839"]
[PlyCount "73"]
[EventDate "2011.09.03"]
[EventType "swiss"]
[EventRounds "9"]
[EventCountry "POR"]
[SourceTitle "CBM 144 Extra"]
[Source "ChessBase"]
[SourceDate "2011.10.28"]
[SourceVersion "1"]
[SourceVersionDate "2011.10.28"]
[SourceQuality "1"]

1. e4 d5 2. exd5 Qxd5 3. Nc3 Qa5 4. d4 Nf6 5. Bd2 c6 6. Nf3 Bg4 7. h3 Bh5 8. Bd3 e6 9. Ne2 Qb6 10. g4 Bg6 11. Bc3 Bd6 12. Ng3 Bxg3 13. fxg3 Qc7 14. Rg1 Nbd7 15. Qe2 Bxd3 16. Qxd3 0-0-0 17. 0-0-0 Nc5 18. Qe2 Nce4 19. Be1 h6 20. h4 Nd6 21. Ne5 Nd7 22. Rf1 f6 23. Ng6 Rhe8 24. Bb4 e5 25. Bxd6 Qxd6 26. dxe5 Qe6 27. Kb1 fxe5 28. Qe4 Nf6 29. Rxd8+ Kxd8 30. Qd3+ Kc7 31. g5 Rd8 32. Qe3 Ng4 33. Qxa7 Qxg6 34. Qa5+ Kc8 35. Qa8+ Kc7 36. Qa5+ Kc8 37. Qa8+ 1/2-1/2

[Event "POR-ch qual"]
[Site "Amadora"]
[Date "2011.09.04"]
[Round "2"]
[White "Martins, Marta Sofia Cardoso"]
[Black "Bento, Rudolfo Antonio Cam"]
[Result "0-1"]
[WhiteElo "1603"]
[BlackElo "1839"]
[PlyCount "66"]
[EventDate "2011.09.03"]
[EventType "swiss"]
[EventRounds "9"]
[EventCountry "POR"]
[SourceTitle "CBM 144 Extra"]
[Source "ChessBase"]
[SourceDate "2011.10.28"]
[SourceVersion "1"]
[SourceVersionDate "2011.10.28"]
[SourceQuality "1"]

1. e4 e5 2. Nf3 Nc6 3. Bc4 Bc5 4. 0-0 d6 5. c3 Qf6 6. d3 h6 7. Be3 Bb6 8. Bxb6 axb6 9. Nbd2 Nge7 10. Re1 0-0 11. h3 Ng6 12. Nf1 Be6 13. Bxe6 fxe6 14. Qd2 Nf4 15. Ng3 Nxg2 16. Kxg2 Qxf3+ 17. Kh2 Qxf2+ 18. Qxf2 Rxf2+ 19. Kh1 Rxb2 20. Rg1 Rbxa2 21. Rxa2 Rxa2 22. Nh5 g5 23. h4 Rd2 24. Rg3 Kf7 25. hxg5 hxg5 26. Rxg5 Rxd3 27. Rg7+ Kf8 28. Kg2 Rxc3 29. Rxc7 b5 30. Rxb7 b4 31. Ng3 b3 32. Ne2 Rc2 33. Kf1 b2 0-1

[Event "Beja op"]
[Site "Beja"]
[Date "2010.10.17"]
[Round "4"]
[White "David, Sara Cristiana Feli"]
[Black "Bento, Rudolfo Antonio Cam"]
[Result "0-1"]
[WhiteElo "1660"]
[BlackElo "1804"]
[PlyCount "52"]
[EventDate "2010.10.15"]
[EventType "swiss"]
[EventRounds "5"]
[EventCountry "POR"]
[SourceTitle "EXT 2013"]
[Source "ChessBase"]
[SourceDate "2012.11.22"]
[SourceVersion "1"]
[SourceVersionDate "2012.11.22"]
[SourceQuality "1"]

1. e4 e5 2. Nf3 Nc6 3. Bb5 f5 4. d3 fxe4 5. dxe4 Nf6 6. Nc3 Bc5 7. 0-0 d6 8. Bg5 0-0 9. Nd5 Bg4 10. Qd3 Ne7 11. Nxf6+ gxf6 12. Bh6 Rf7 13. Bc4 d5 14. exd5 Bd6 15. Nh4 f5 16. Qg3 Qd7 17. h3 Kh8 18. hxg4 f4 19. Qh3 Rg8 20. f3 Rf6 21. Bxf4 exf4 22. g3 fxg3 23. Rae1 Rh6 24. Re6 Ng6 25. Rxd6 Qxd6 26. Nf5 Qc5+ 0-1

[Event "Beja op"]
[Site "Beja"]
[Date "2010.10.16"]
[Round "3"]
[White "Bento, Rudolfo Antonio Cam"]
[Black "Leite Oralova, Catarina"]
[Result "0-1"]
[WhiteElo "1804"]
[BlackElo "2183"]
[PlyCount "120"]
[EventDate "2010.10.15"]
[EventType "swiss"]
[EventRounds "5"]
[EventCountry "POR"]
[SourceTitle "EXT 2013"]
[Source "ChessBase"]
[SourceDate "2012.11.22"]
[SourceVersion "1"]
[SourceVersionDate "2012.11.22"]
[SourceQuality "1"]

1. e4 e5 2. Nf3 Nc6 3. Bb5 a6 4. Bxc6 dxc6 5. 0-0 Bg4 6. h3 h5 7. d3 Bd6 8. Nbd2 c5 9. Re1 Be6 10. Nc4 f6 11. Nh4 Ne7 12. f4 Bxc4 13. dxc4 Qd7 14. f5 0-0-0 15. Be3 Rdg8 16. Qf3 g5 17. fxg6 Nxg6 18. Nxg6 Rxg6 19. Qf5 Rhg8 20. Qxd7+ Kxd7 21. Re2 Ke6 22. Rf1 Bf8 23. Rf5 Rh8 24. Ref2 Be7 25. Rd2 b6 26. a4 Rgg8 27. Kf1 Rh7 28. Bf2 c6 29. Bh4 Rb8 30. Rdf2 Rh6 31. R2f3 Rd8 32. Rd3 Rd4 33. Rxd4 cxd4 34. Ke2 Rh8 35. Ke1 Kf7 36. Rf3 Rg8 37. Kf1 b5 38. axb5 axb5 39. cxb5 cxb5 40. Be1 Rc8 41. c3 Rd8 42. Rd3 Ke6 43. Bh4 Rd7 44. Ke2 Bd8 45. Bf2 Bb6 46. cxd4 exd4 47. Kf3 Bc5 48. b3 Ra7 49. Bxd4 Rd7 50. Ke3 Rxd4 51. Rxd4 Ke5 52. Kf3 Kxd4 53. Kf4 Kc3 54. Kf5 Bd4 55. g4 hxg4 56. Kxg4 Kxb3 57. Kf5 Kc4 58. h4 b4 59. h5 Be3 60. Kxf6 b3 0-1